书目信息 |
| 题名: |
保幼激素与昆虫变态
|
|
| 作者: | 何倩毓 著 | |
| 分册: | ||
| 出版信息: | 北京 化学工业出版社 2018 |
|
| 页数: | 251页 | |
| 开本: | 21cm | |
| 丛书名: | ||
| 单 册: | ||
| 中图分类: | Q96 , Q57 | |
| 科图分类: | ||
| 主题词: | 昆虫--kun chong--变态 , 保幼激素--bao you ji su | |
| 电子资源: | ||
| ISBN: | 978-7-122-31095-8 | |
| 000 | 00945nam0 2200277 450 | |
| 001 | 012001001752 | |
| 005 | 20140109081707.0 | |
| 010 | @a978-7-122-31095-8@dCNY68.00 | |
| 099 | @aCAL 012018030043 | |
| 100 | @a20180212d2018 em y0chiy50 ea | |
| 101 | 0 | @achi |
| 102 | @aCN@b110000 | |
| 105 | @aak a 000yy | |
| 106 | @ar | |
| 200 | 1 | @a保幼激素与昆虫变态@Abao you ji su yu kun chong bian tai@f何倩毓著 |
| 210 | @a北京@c化学工业出版社@d2018 | |
| 215 | @a251页@c图@d21cm | |
| 320 | @a有书目 | |
| 330 | @a本书详细介绍了昆虫的变态与发育、昆虫变态的相关调控激素、保幼激素调控昆虫变态发育的分子机制、昆虫激素类似物及转基因技术与害虫防治。书中涉及昆虫生理学、昆虫生物化学与分子生物学、昆虫遗传学等多门学科知识。 | |
| 606 | 0 | @a昆虫@Akun chong@x变态 |
| 606 | 0 | @a保幼激素@Abao you ji su |
| 690 | @aQ96@v5 | |
| 690 | @aQ57@v5 | |
| 701 | 0 | @a何倩毓@Ahe qian yu@4著 |
| 801 | 0 | @aCN@b北京卓展@c20191020 |
| 905 | @b1202527-30@dQ96@e58@f4 | |
| 保幼激素与昆虫变态/何倩毓著.-北京:化学工业出版社,2018 |
| 251页:图;21cm |
| ISBN 978-7-122-31095-8:CNY68.00 |
| 本书详细介绍了昆虫的变态与发育、昆虫变态的相关调控激素、保幼激素调控昆虫变态发育的分子机制、昆虫激素类似物及转基因技术与害虫防治。书中涉及昆虫生理学、昆虫生物化学与分子生物学、昆虫遗传学等多门学科知识。 |
| ● |
| 相关链接 |
|
|
|
|
正题名:保幼激素与昆虫变态
索取号:Q96/58
 
预约/预借
| 序号 | 登录号 | 条形码 | 馆藏地/架位号 | 状态 | 备注 |
| 1 | 1202527 | 212025271 | 第二样本阅览室/ [索取号:Q96/58] | 在馆 | |
| 2 | 1202528 | 212025280 | 第三借阅区/ [索取号:Q96/58] | 在馆 | |
| 3 | 1202529 | 212025299 | 第三借阅区/ [索取号:Q96/58] | 在馆 | |
| 4 | 1202530 | 212025306 | 第三借阅区/ [索取号:Q96/58] | 在馆 |